| 000 | 00891cam a2200289K 4500 | ||
|---|---|---|---|
| 001 | 2693 | ||
| 003 | BD-RjUL | ||
| 005 | 20211208233612.0 | ||
| 008 | 160622s1962 xx 000 0 eng d | ||
| 035 | _aBD-RjUL2720 | ||
| 035 | _a(NNC)4223313 | ||
| 040 |
_aWSU _cWSU _dOCL _dZCU _beng |
||
| 041 | _aeng | ||
| 082 |
_221 _a 362.850943 _bUNE 1962 |
||
| 090 |
_aHD7801 _b.In8 no.65 |
||
| 110 | 2 |
_aInternational Labour Office. _9133440 |
|
| 245 | 0 | 0 | _aUnemployment and structural change. / |
| 260 |
_a Geneva : _bInternational Labour Office, _cc1962. |
||
| 300 |
_a206 p. ; _c24 cm. |
||
| 490 | 1 |
_aIts Studies and reports. New ser. _vno. 65 |
|
| 504 | _aBibliographical footnotes. | ||
| 650 | 0 |
_aUnemployed. _98677 |
|
| 650 | 0 |
_aEconomic policy. _98678 |
|
| 830 | 0 |
_vnew ser., no. 65. _9133572 |
|
| 830 | 0 |
_aStudies and reports (International Labour Office) ; _9133538 |
|
| 942 |
_2ddc _cBK |
||
| 999 |
_c2693 _d2693 |
||